Statistiques concernant Musique - Notes en clef de fa 4

Cliquez ici pour prendre le quiz!

Statistiques générales

  • Ce quiz a été pris 21 fois
  • Le résultat moyen est 7 sur 7

Statistiques - réponses

Réponse% Correct
Fa
100%
La
94%
Mi
94%
94%
Do
89%
Si
89%
Sol
89%

Distribution des résultats

Percentile par nombre de réponses

% des personnes avec chaque résultat

Votre développement - résultats

Vous n’avez pas pris ce quiz